Statistiques concernant Prétandants et prétandantes Phobos

Cliquez ici pour prendre le quiz!

Statistiques générales

  • Ce quiz a été pris 77 fois
  • Le résultat moyen est 11 sur 12

Statistiques - réponses

HintRéponse% Correct
Prétendante FrançaiseLéonor
96%
Prétendant Américain (USA)Marcus
96%
Prétendant BrésilienMozart
92%
Prétendante AnglaiseElizabeth
90%
Prétendante AllemandeKirsten
90%
Prétendant RusseAlexeï
88%
Prétendant ChinoisTao
86%
Prétendante SingapourienneFangfang
84%
Prétendante CanadienneKelly
84%
Prétendant JaponaisKenji
84%
Prétendant NigérianSamson
84%
Prétendante IndienneSafia
80%

Distribution des résultats

Percentile par nombre de réponses

% des personnes avec chaque résultat

Votre développement - résultats

Vous n’avez pas pris ce quiz